000 01029nas a2200361 4500
001 BR0301937
003 BR-BrBNA
005 20231205103711.0
007 ta
008 230509b bl.|||p| |||| 00| 00por d
040 _aBR-BrBNA
_bpor
_cBiblioteca Nacional de Agricultura
041 _a(Pt)
072 _aL70
100 1 _aMazzanti, A.
100 1 _aOliveira, L.O.
100 1 _aPippi, N.L.
100 1 _aRaiser, A.G.
100 1 _aGraça, D.L.
100 1 _aSilveira, A.F.
100 1 _aFaria, R.X.
100 1 _aGuimarães, L.D.
100 1 _aGuedes, A.G.P.
245 1 _aImplante homólogo de músculo conservado em glicerina a 98 para reparo de defeito diafragmático iatrogênico em cães
650 _aCÃO
650 _aMÚSCULO
650 _aTÓRAX
650 _aCIRURGIA
650 _aGLICERINA
650 _aMICROSCOPIA
773 0 _tArs Veterinária (Brazil)
_xISSN 0102-6380
_g(Apr 2001), v. 17(1) p. 6-10
_wBR0301937
909 _a202311
_bLúcia
_c55
_dLúcia Elande
942 _2AGRIS
_n0
_cANA
999 _c174277
_d174277